Top 10 der schönsten Flaggen - Statistiken

Allgemein
  • Dieses Quiz wurde 98 mal gespielt
  • Das Durchschnittsergebnis liegt bei 3 aus 10
Antwortstatistiken
Platz Kontinent Land % Korrekt
05. Asien/Europa Türkei🇹🇷
85%
06. Asien/Europa Zypern🇨🇾
53%
07. Europa Kroatien🇭🇷
47%
01. Europa Serbien🇷🇸
41%
03. Europa Nordmazedonien🇲🇰
38%
02. Europa Montenegro🇲🇪
25%
10. Nord-/Mittelamerika Panama🇵🇦
23%
04. Europa Belarus🇧🇾
11%
09. Afrika Eswatini🇸🇿
10%
08. Afrika Mosambik🇲🇿
5%
Keine übereinstimmenden Quizze gefunden
Verteilung der Resultate
Anzahl Personen mit jedem Resultat
Perzentil nach korrekt beantworteten Fragen
Ihre Resultats-Entwicklung
Sie haben dieses Quiz noch nicht gespielt